| 000 | 01073nam a22003137a 4500 | ||
|---|---|---|---|
| 003 | CHAP | ||
| 005 | 20220329140829.0 | ||
| 008 | 971013s1979 r 00010 d | ||
| 010 | _a58269 | ||
| 011 | _a59241 | ||
| 035 | _a63399 | ||
| 040 | _cCHAP | ||
| 082 |
_a631.6 _bP7 |
||
| 245 | _aProceedings of the International Drainage Workshop. Wageningen, 1978 | ||
| 260 |
_aWageningen : _bInternational Institute for Land Reclamation and Improvement, _c1979 |
||
| 300 |
_a731 p. _b; gráfs. |
||
| 490 |
_aPublication _v; 25 |
||
| 590 |
_aBATCH-UPD _b10 _c20130110 _lUCH01 _h2147 |
||
| 590 |
_aBATCH-UPD _b10 _c20130410 _lUCH01 _h1455 |
||
| 590 |
_aBATCH-UPD _b10 _c20130914 _lUCH01 _h1223 |
||
| 590 |
_aCONVERSION _b10 _c20130109 _lUCH01 _h1331 |
||
| 650 | 1 | 4 |
_aDrenaje _xCongresos. _934197 |
| 700 | 0 |
_aWesseling, Jans. _9121514 |
|
| 710 | 0 |
_aInstituto Internacional de Rescate y Mejoramiento Técnico de Tierras. _959234 |
|
| 830 | 0 |
_aPublication _v; 25 _992792 |
|
| 901 | _aBK | ||
| 942 | _cLIBRO | ||
| 949 |
_a631.6 P7 _bBC _cLIBRO _d33724000163531 _eLIBRO _h59865 _i63399 _mDir. _si |
||
| 999 |
_c58269 _d58269 |
||